Administratívna budova Hurbanovo

Guardado en:
Detalles Bibliográficos
Autor principal: Varga, Arpád, 1984- (Autor)
Otros Autores: Prokopčáková, Katarína, 1959- (Orientador)
Formato: Manuscrito Libro
Lenguaje:eslovaco
Publicado: Bratislava : STU v Bratislave SvF, 2010
Materias:
Acceso en línea:VAIS
Etiquetas: Agregar Etiqueta
Sin Etiquetas, Sea el primero en etiquetar este registro!

MARC

LEADER 00000ntm a22000003a 4500
001 stu208275
005 20160721135344.8
008 100724s2010----xo------------------slo-d
040 |a STU  |b slo 
041 0 |a slo 
044 |a xo 
100 1 |a Varga, Arpád,  |d 1984-  |4 aut  |X 19426  |7 A000019426 
242 0 0 |a Administration building is Hurbanovo  |y eng 
245 1 |a Administratívna budova Hurbanovo 
260 |a Bratislava :  |b STU v Bratislave SvF,  |c 2010 
300 |a 53 s  |c prílohy 
650 7 |a PM stropy  |2 stusub 
700 1 |a Prokopčáková, Katarína,  |d 1959-  |4 ths  |u V270  |U SvF Stavebná fakulta  |T SvF Katedra technológie stavieb  |X 854  |U V270  |Y 28  |7 A000000854 
856 4 |a info a plný text  |u http://is.stuba.sk/zp/portal_zp.pl?podrobnosti=76543  |3 VAIS